| 000 | 00373cam a2200145ua 4500 | ||
|---|---|---|---|
| 003 | OSt | ||
| 008 | 240115b |||||||| |||| 00| 0 eng d | ||
| 041 | _amal | ||
| 082 |
_a894.8122 _bSAN/KA |
||
| 100 |
_aSankara pillai, M.A . _95745 |
||
| 245 | _aKalithattu / | ||
| 260 |
_aKottayam : _bSahitya Pravarthaka Co-operative Society , _c1959. |
||
| 300 | _a151 ; . | ||
| 942 | _cBK | ||
| 999 |
_c1209 _d1209 |
||